|
|
|
|
| LEADER |
00000nam0a2200000 4500 |
| 001 |
253845 |
| 005 |
20231101232900.0 |
| 010 |
|
|
|a 5761001098
|
| 035 |
|
|
|a (RuTPU)RU\TPU\book\276260
|
| 090 |
|
|
|a 253845
|
| 100 |
|
|
|a 20140317d1989 km y0rusy50 ca
|
| 101 |
0 |
|
|a rus
|
| 102 |
|
|
|a RU
|
| 105 |
|
|
|a a g 001zy
|
| 200 |
1 |
|
|a Краткий справочник механика
|f Б. Н. Андропов
|
| 210 |
|
|
|a Волгоград
|c Нижне-Волжское кн. изд-во
|d 1989
|
| 215 |
|
|
|a 96 с.
|c ил.
|
| 320 |
|
|
|a Библиогр.: с. 95.
|
| 606 |
1 |
|
|a Детали машин
|2 stltpush
|3 (RuTPU)RU\TPU\subj\9144
|9 36422
|
| 610 |
1 |
|
|a математика
|
| 610 |
1 |
|
|a материаловедение
|
| 610 |
1 |
|
|a машиностроительное черчение
|
| 610 |
1 |
|
|a подшипники качения
|
| 610 |
1 |
|
|a поверхности
|
| 610 |
1 |
|
|a шероховатость
|
| 610 |
1 |
|
|a клиноременные передачи
|
| 610 |
1 |
|
|a зубчатые передачи
|
| 610 |
1 |
|
|a резьба
|
| 610 |
1 |
|
|a болты
|
| 610 |
1 |
|
|a гайки
|
| 610 |
1 |
|
|a шайбы
|
| 610 |
1 |
|
|a шпоночные соединения
|
| 610 |
1 |
|
|a размеры
|
| 610 |
1 |
|
|a свойства
|
| 610 |
1 |
|
|a назначение
|
| 675 |
|
|
|a 621.81(035)
|v 3
|
| 700 |
|
1 |
|a Андропов
|b Б. Н.
|g Борис Николаевич
|
| 801 |
|
1 |
|a RU
|b 63413507
|c 20140317
|
| 801 |
|
2 |
|a RU
|b 63413507
|c 20140410
|g RCR
|
| 942 |
|
|
|c BK
|